Metternich (Record no. 79271)

MARC details
000 -LEADER
campo de control de longitud fija 00652nam a2200193 i 4500
001 - NÚMERO DE CONTROL
campo de control 79271
003 - IDENTIFICADOR DE NÚMERO DE CONTROL
campo de control ES-MaACL
005 - FECHA Y HORA DE LA ÚLTIMA TRANSACCIÓN
campo de control 20230906173937.0
007 - CAMPO FIJO DE DESCRIPCIÓN FÍSICA--INFORMACIÓN GENERAL
campo de control de longitud fija t|
008 - DATOS DE LONGITUD FIJA--INFORMACIÓN GENERAL
campo de control de longitud fija 041020s1932 sp ||||1| spa d
100 1# - ENTRADA PRINCIPAL--NOMBRE DE PERSONA
Nombre de persona Herman, Arthur.
9 (RLIN) 62732
245 10 - MENCIÓN DEL TÍTULO
Título Metternich
Resto del título : la novela de los grandes hombres /
Mención de responsabilidad, etc. Arthur Herman ; versión española de Miguel Pereyra.
260 ## - PUBLICACIÓN, DISTRIBUCIÓN, ETC.
Lugar de publicación, distribución, etc. Madrid :
Nombre del editor, distribuidor, etc. Bolaños y Aguilar,
Fecha de publicación, distribución, etc. 1932 (
Fabricante Talleres Gráficos)
300 ## - DESCRIPCIÓN FÍSICA
Extensión 376 p. ;
Dimensiones 20 cm.
600 14 - PUNTO DE ACCESO ADICIONAL DE MATERIA--NOMBRE DE PERSONA
Nombre de persona Metternich, Clemens Wenzel Lothar
Títulos y otros términos asociados al nombre Fürst von (
Fechas asociadas al nombre 1773-1859)
9 (RLIN) 80737
700 0# - ENTRADA AGREGADA--NOMBRE PERSONAL
Nombre de persona Pereyra, Miguel.
9 (RLIN) 90543
852 ## - LOCALIZACIÓN
Ubicación ES-MaACL
Número de control de estantería A-4641
852 ## - LOCALIZACIÓN
Ubicación ES-MaACL
Número de control de estantería A-789
Holdings
Estatus retirado Estado de pérdida Estado de daño No para préstamo Biblioteca de origen Biblioteca actual Ubicación en estantería Fecha de adquisición Fuente de adquisición Total de préstamos Signatura topográfica completa Código de barras Visto por última vez Precio de reemplazo Tipo de ítem Koha
        Biblioteca del Ateneo de Madrid Biblioteca del Ateneo de Madrid Sala Pecera Planta 1 07/02/2018     A-789 1198349 23/02/2023 23/02/2023 Libro impreso
        Biblioteca del Ateneo de Madrid Biblioteca del Ateneo de Madrid Sala Pecera Planta 1 17/01/2008     A-4641 1082898 23/02/2023 23/02/2023 Libro impreso